Personnages historiques par lettre - E - Statistiques

Statistiques générales
  • Ce quiz a été pris 306 fois
  • Le résultat moyen est 8 sur 15
Statistiques - réponses
INDICE RÉPONSE % Correct
Reine d'Angleterre, dernière des Tudor (1533-1603) Élisabeth Ire
92%
Inventeur américain, pionnier de l'électricité (1847-1931) Thomas Edison
88%
Physicien d'origine allemande pour qui tout est relatif (1879-1955) Albert Einstein
82%
Baron de la drogue colombien (1949-1993) Pablo Escobar
77%
Président des États-Unis et général en chef des forces alliées (1890-1969) Dwight D. Eisenhower
65%
Ingénieur et architecte français (1832-1923) Gustave Eiffel
62%
Roi d'Angleterre qui commença la guerre de Cent Ans (1312-1377) Edouard III
55%
Mathématicien grec connu pour ses traités de géométrie (dates inconnues) Euclide
55%
Philosophe grec qui profitait de la vie (342-270 avant J.-C.) Épicure
45%
Fabuliste grec dont s'inspira Jean de la Fontaine (620-564 avant J.-C.) Ésope
42%
Saint français, évêque et ministre des Finances de Dagobert I (588-660) Éloi de Noyon
39%
Première femme à avoir traversé l'Atlantique en avion (1897-1937) Amelia Earhart
37%
Grand penseur de la Renaissance surnommé "Prince des humanistes" (1466-1536) Érasme
36%
Explorateur norvégien, découvreur du Groenland et de Terre Neuve (940-1003) Erik le Rouge
29%
Fils de ce dernier, découvreur de l'Amérique continentale (970-1020) Leif Erikson
22%
Aucun quiz correspondant
Distribution des résultats
% des personnes avec chaque résultat
Percentile par nombre de réponses
Votre historique - résultats
Vous n’avez pas pris ce quiz